[Event "Floripa Chess Open 2024"]
[Site "Florianopolis"]
[Date "2024.01.25"]
[Round "7.56"]
[White "Martins, Anderson Donay"]
[Black "Boabaid, Jorge Alberto Duard"]
[Result "1/2-1/2"]
[WhiteElo "2058"]
[BlackElo "1771"]
[PlyCount "109"]
[EventDate "2024.01.20"]
[EventRounds "10"]
[EventCountry "BRA"]

1. e4 c5 2. Nf3 Nc6 3. Bb5 g6 4. O-O Bg7 5. c3 a6 6. Ba4 b5 ({RR} 6... Nf6 7.
Bc2 d6 8. d4 cxd4 9. cxd4 Bg4 10. Be3 Nd7 11. Nc3 Bxf3 12. gxf3 O-O 13. d5 Nce5
14. Bd4 Nxf3+ 15. Qxf3 Bxd4 16. Rfd1 Bg7 17. Bb3 Rc8 18. Rac1 Qb6 19. Na4 Qa5
20. Qe2 b5 21. Nc3 {Korelskiy,E (2096)-Sethuraman,S (2626) chess.com INT 2023
0-1}) 7. Bb3 e6 $146 ({RR} 7... c4 8. Bc2 Bb7 9. d4 cxd3 10. Qxd3 d6 11. Bb3
Nf6 12. Qe2 O-O 13. Rd1 Qc7 14. Bg5 h6 15. Bxf6 Bxf6 16. Nbd2 Kh7 17. Nf1 Na5
18. Bd5 Nc4 19. h4 Rad8 20. Bxb7 Qxb7 21. h5 g5 22. Nd4 {Berend,E (2349)
-Bogumil,T (2150) Bucharest ROU 2019 1/2-1/2 (52)}) ({RR} 7... c4 8. Bc2 Nf6 9.
Re1 O-O 10. d4 cxd3 11. Qxd3 Qc7 12. Bg5 d6 13. h3 Bb7 14. a3 h6 15. Bf4 e5 16.
Bh2 Rad8 17. Nbd2 Nd7 18. Rac1 Nb6 19. b4 h5 20. Bb3 Bh6 21. Bg3 Kh7 22. Rc2 {
Riff,J (2444)-Baklan,V (2601) Cappelle-la-Grande 2006 1/2-1/2 (32)}) ({RR} 7...
c4 8. Bc2 d6 9. a4 Bb7 10. b3 cxb3 11. Bxb3 b4 12. Bb2 Nf6 13. cxb4 Nxb4 14. e5
dxe5 15. Nxe5 O-O 16. Nxf7 Rxf7 17. Bxf7+ Kxf7 18. Qb3+ Qd5 19. Qxd5+ Nbxd5 20.
Nc3 Nb4 21. a5 Rd8 22. Na4 {Melikyan,G (2238)-Melkumyan,H (2645) chess.com INT
2022 0-1 (43)}) 8. d4 c4 9. Bc2 d5 10. a4 b4 11. exd5 exd5 12. b3 Nge7 13. Bg5
O-O 14. bxc4 dxc4 15. Be4 f6 16. Be3 Nd5 17. cxb4 Ncxb4 18. Qc1 Qc7 19. Nc3 Be6
20. Re1 Rae8 21. Bd2 Bf7 22. Rb1 f5 23. Bxd5 Nxd5 24. Nxd5 Bxd5 25. Bb4 Rxe1+
26. Qxe1 Rc8 27. Bc5 Qf4 28. Rc1 g5 29. Qe3 Qxe3 30. fxe3 h6 31. Nd2 Bf8 32.
Nxc4 Bxc5 33. Nd2 Kf7 34. Rxc5 Rxc5 35. dxc5 a5 36. Nf3 Ke7 37. Nd4 Be4 38. Kf2
h5 39. g3 g4 40. Ke2 Kd7 41. Kd2 Bc6 42. Nb5 Ke6 43. Nd4+ Kd5 44. Nxf5 Kxc5 45.
Kc3 Bxa4 46. Ng7 Kd5 47. Nxh5 Ke5 48. Nf4 Ke4 49. Kd2 Kf3 50. Ng6 Kg2 51. Ne5
Kxh2 52. Nxg4+ Kxg3 53. Ne5 Be8 54. Nc4 a4 55. Kc3 1/2-1/2

[Event "Floripa Chess Open 2024"]
[Site "Florianopolis"]
[Date "2024.01.25"]
[Round "7.57"]
[White "Samaniego, Diego Pinheiro"]
[Black "Cordeiro, Marco Aurelio Zaror"]
[Result "0-1"]
[WhiteElo "1806"]
[BlackElo "2057"]
[PlyCount "76"]
[EventDate "2024.01.20"]
[EventRounds "10"]
[EventCountry "BRA"]

1. c4 e5 2. g3 Nc6 3. Bg2 f5 4. Nc3 Nf6 5. d3 Bc5 6. Nf3 d6 7. O-O O-O 8. Na4 (
{RR} 8. a3 a6 9. b4 Ba7 10. e3 Qe8 11. Bb2 Qh5 12. Nd5 Nxd5 13. cxd5 Ne7 14.
Rc1 Bb6 15. Rc4 Ng6 16. a4 a5 17. bxa5 Bxa5 18. Nd2 Qxd1 19. Rxd1 Bd7 20. Nb3
b5 21. axb5 Bb6 22. Rb4 f4 {Obregon,A (2506)-Santiso,D (1831) Villa
Constitucion ARG 2023 1-0 (75)}) ({RR} 8. e3 Kh8 9. a3 Qe8 10. d4 Bb6 11. b4 e4
12. Nd2 a5 13. Rb1 axb4 14. axb4 Ne7 15. c5 dxc5 16. dxc5 Ba7 17. Ra1 Bd7 18.
Bb2 b6 19. cxb6 Bxb6 20. Nc4 Rd8 21. Qc2 Be6 22. Nxb6 cxb6 {Diaz Hollemaert,N 
(2401)-Cordeiro,M (2215) Blumenau 2013 1-0 (47)}) 8... Bb6 9. Nxb6 axb6 10. a3
Kh8 $146 ({RR} 10... Qe8 11. e4 Kh8 12. exf5 Bxf5 13. Be3 Qh5 14. Ng5 Qg6 15.
Nf3 Qh5 16. Ng5 Qe8 17. d4 h6 18. Nf3 Bg4 19. h3 Bh5 20. g4 Nxg4 21. hxg4 Bxg4
22. d5 Ne7 23. Bxb6 e4 24. Bd4 Bxf3 25. Bxf3 {Van Opstal,R-Postma,D Hengelo
1992 0-1 (32)}) ({RR} 10... Qe8 11. b3 f4 12. gxf4 Qh5 13. e4 Bg4 14. h3 Bxh3
15. Nh2 Bg4 16. f3 Bd7 17. f5 g6 18. f4 Qxd1 19. Rxd1 gxf5 20. fxe5 dxe5 21.
exf5 Bxf5 22. Bb2 Rae8 23. Rd2 Bg6 24. Re1 Nd7 25. Bd5+ {Hietala,P (1955)
-Bujupi,F (2026) Dresden GER 2022 1/2-1/2 (36)}) 11. Rb1 Qe8 12. b4 Qh5 13. b5
Ne7 14. d4 e4 15. Ne1 g5 16. f3 Qg6 17. Qc2 Bd7 18. Rb3 d5 19. c5 Ra4 20. e3
Rc4 21. Qb2 bxc5 22. dxc5 Rxc5 23. Bd2 Rf7 24. Bb4 Rc4 25. fxe4 dxe4 26. Nd3
exd3 27. Rxd3 Qg7 28. Qe5 Ng6 29. Qb2 Ne4 30. Qxg7+ Kxg7 31. Bxe4 Rxe4 32. Rd5
Be6 33. Bc3+ Kh6 34. Rc5 Rxe3 35. Bd2 Rd3 36. Bc1 Rd5 37. Rxd5 Bxd5 38. h4 f4
0-1

[Event "Floripa Chess Open 2024"]
[Site "Florianopolis"]
[Date "2024.01.25"]
[Round "7.58"]
[White "Dias, Clara"]
[Black "Urquiza, Marcello De Albuque"]
[Result "1/2-1/2"]
[WhiteElo "1717"]
[BlackElo "2050"]
[PlyCount "39"]
[EventDate "2024.01.20"]
[EventRounds "10"]
[EventCountry "BRA"]

1. e4 c5 2. Nf3 Nf6 3. Nc3 Nc6 4. d4 d5 5. exd5 Nxd5 6. Nxd5 Qxd5 7. c4 Qe4+ 8.
Be3 cxd4 9. Nxd4 e5 10. Nxc6 Qxc6 11. a3 Be6 12. Rc1 Be7 13. Qh5 $146 ({RR} 13.
b4 a5 14. b5 Qe4 15. c5 O-O 16. Qd3 Qa4 17. Be2 Rfd8 18. Qc3 Bf6 19. O-O e4 20.
Qc2 Bb3 21. Qb1 Bd5 22. Rfd1 Qxa3 23. Rxd5 Rxd5 24. c6 bxc6 25. bxc6 Be5 26.
Bc4 Rdd8 27. Bc5 Qb2 {Fica Cruz,J (1942)-Garmendia Vega,G (2034) San Carlos
2015 0-1 (40)}) 13... O-O 14. Be2 f5 15. f3 f4 16. Bd3 g6 17. Bxg6 hxg6 18.
Qxg6+ Kh8 19. Qh6+ Kg8 20. Qg6+ 1/2-1/2

[Event "Floripa Chess Open 2024"]
[Site "Florianopolis"]
[Date "2024.01.25"]
[Round "7.59"]
[White "Bastos Seixas, Pedro Lucas"]
[Black "Machado, Luiz Fernando"]
[Result "1-0"]
[WhiteElo "2049"]
[BlackElo "1737"]
[PlyCount "55"]
[EventDate "2024.01.20"]
[EventRounds "10"]
[EventCountry "BRA"]

1. e4 e6 2. d4 d5 3. Nd2 Nc6 4. Ngf3 Nf6 5. e5 Nd7 6. Be2 f6 7. exf6 Qxf6 8.
Nf1 Bd6 9. Ne3 O-O 10. O-O Qg6 11. c4 Nf6 12. c5 Be7 13. Bb5 Ne4 $146 ({RR} 
13... Bd7 14. Bxc6 Bxc6 15. Ne5 Qe8 16. a4 b6 17. b4 bxc5 18. bxc5 Rb8 19. Bd2
Ne4 20. Ba5 Bg5 21. N3g4 h5 22. Nxc6 Qxc6 23. Ne5 Qa6 24. Bxc7 Rb2 25. Qd3 Qb7
26. Bd6 Rfxf2 27. Rxf2 Rxf2 28. Rb1 {Torosyan,N (2321)-Shahinyan,D (2383)
Yerevan 2014 0-1 (40)}) ({RR} 13... Bd7 14. a4 a5 15. Bxc6 Bxc6 16. Ne5 Qh5 17.
N3g4 Nxg4 18. Nxg4 Be8 19. Re1 Qf5 20. Re5 Qf7 21. Re3 b6 22. Rg3 Kh8 23. cxb6
cxb6 24. Qe2 Qf5 25. h3 Rc8 26. Rf3 Qe4 27. Re3 Qxd4 28. Rxe6 {Fire 8_beta  
(3457)-AllieStein v0.8-120f959_net-1 (3536) tcec-chess.com INT 2020 1/2-1/2  
(68)}) ({RR} 13... Bd7 14. Re1 Qe8 15. a3 a5 16. Bd3 Qh5 17. Bd2 Kh8 18. b4
axb4 19. axb4 Rxa1 20. Qxa1 Ne4 21. Bxe4 dxe4 22. Ne5 Nxe5 23. dxe5 Qf7 24. Nd1
Bc6 25. Be3 h5 26. Nc3 h4 27. b5 Bd5 28. h3 {Xu,D (2228)-Kuzubov,Y (2605)
chess.com INT 2024 0-1 (44)}) ({RR} 13... Bd7 14. Bxc6 Bxc6 15. Ne5 Qe8 16. a4
b6 17. b4 bxc5 18. bxc5 Rb8 19. Bd2 Bb7 20. Ba5 Ba6 21. Re1 c6 22. f3 Rc8 23.
g3 h5 24. Ng2 Nd7 25. Nf4 Nxe5 26. Rxe5 Bf6 27. Rxe6 Qf7 28. Re1 {Titus,A  
(2185)-Checa,N (2478) Greensboro USA 2018 0-1 (49)}) 14. Bxc6 bxc6 15. Ne5 Qf6
16. f3 Ba6 17. Re1 Nxc5 18. N3g4 Qh4 19. dxc5 Bxc5+ 20. Be3 Bd6 21. Bf2 Qg5 22.
Qc1 Qf5 23. Qxc6 Bd3 24. Nxd3 Qxd3 25. Rxe6 h5 26. Ne3 d4 27. Qd5 Rf7 28. Qxa8+
1-0

[Event "Floripa Chess Open 2024"]
[Site "Florianopolis"]
[Date "2024.01.25"]
[Round "7.60"]
[White "Veloso, Henrique Barbosa"]
[Black "De Souza, Joao Francisco Biz"]
[Result "1-0"]
[WhiteElo "2029"]
[BlackElo "1523"]
[PlyCount "55"]
[EventDate "2024.01.20"]
[EventRounds "10"]
[EventCountry "BRA"]

1. d4 d5 2. c4 c6 3. Nc3 Nf6 4. Nf3 dxc4 5. a4 Bf5 6. e3 e6 7. Bxc4 Nbd7 8. O-O
Bd6 9. Qe2 Bg6 ({RR} 9... Nb6 10. e4 Nxe4 11. Bb3 Nf6 12. Ne5 O-O 13. Bg5 h6
14. Bh4 a5 15. Rfe1 Be7 16. Rad1 Nfd5 17. Bg3 Bf6 18. Ne4 Qe7 19. Nc5 Rad8 20.
h3 Nb4 21. Ne4 Bh4 22. Bf4 N6d5 23. Bh2 Kh7 24. Ng3 {Yankelevich,L (2408)-Liu,
K (2004) chess.com INT 2024 1-0 (49)}) 10. Rd1 $146 ({RR} 10. e4 e5 11. Rd1 Qe7
12. d5 Nc5 13. Bg5 h6 14. Bxf6 Qxf6 15. b4 Nd7 16. dxc6 bxc6 17. b5 Nc5 18.
bxc6 O-O 19. Rd5 Rfd8 20. Rad1 Rac8 21. Qe3 Rxc6 22. Nxe5 Bxe5 23. Rxd8+ Kh7
24. Bb5 Rc7 {Nikolov,M (2500)-Milchev,N (2373) Plovdiv 2008 1-0 (42)}) ({RR} 
10. e4 Bb4 11. Bd3 h6 12. h3 O-O 13. Rd1 Re8 14. e5 Bxd3 15. Rxd3 Nd5 16. Nxd5
cxd5 17. Nh2 Nf8 18. Rg3 Ng6 19. Ng4 Rc8 20. Bxh6 Qh4 21. Qd3 Kh8 22. Bd2 Bxd2
23. Qxd2 Ne7 24. Ne3 Rc6 {AllieStein v0.7_dev-net_14.3 (3761)-Fire 8_beta  
(3729) tcec-chess.com INT 2020 1-0 (71)}) ({RR} 10. e4 e5 11. Bg5 O-O 12. d5
Qe7 13. Rfd1 Rfd8 14. a5 Nf8 15. a6 b5 16. Bb3 b4 17. Na4 cxd5 18. Bxd5 Rac8
19. Bb7 Rc7 20. Rac1 Rxc1 21. Rxc1 Ne6 22. Bh4 Nc5 23. Nxc5 Bxc5 24. h3 h6 {
Badamkhand,N (1891)-Khulan,E (1772) Arvaikheer 2012 0-1 (57)}) 10... Qc7 11. e4
e5 12. d5 Nc5 13. dxc6 bxc6 14. Nd2 O-O 15. f3 Nb7 16. Nb3 Rfd8 17. Be3 Na5 18.
Nc5 Bxc5 19. Bxc5 Nb7 20. Be3 Nd6 21. Ba2 Rab8 22. Rac1 Qb7 23. Rd2 Nde8 24.
Rcd1 Rxd2 25. Rxd2 h6 26. Qf2 a5 27. Qg3 Qe7 28. Qxg6 1-0

[Event "Floripa Chess Open 2024"]
[Site "Florianopolis"]
[Date "2024.01.25"]
[Round "7.62"]
[White "Piccoli, Lucas Fonseca"]
[Black "Justiniano Flores, Luis Fernando"]
[Result "1-0"]
[WhiteElo "2263"]
[BlackElo "1486"]
[PlyCount "75"]
[EventDate "2024.01.20"]
[EventRounds "10"]
[EventCountry "BRA"]

1. e4 c5 2. Nf3 e6 3. d4 cxd4 4. Nxd4 a6 5. Bd3 Nf6 6. O-O Qc7 7. Qe2 d6 8. c4
Nbd7 9. f4 b6 10. Nc3 Bb7 11. Kh1 ({RR} 11. Nf3 Rc8 12. Kh1 Be7 13. Bd2 O-O 14.
Rac1 Qb8 15. b4 Rfe8 16. a3 Bf8 17. Rce1 e5 18. f5 b5 19. cxb5 axb5 20. Bxb5
Rc7 21. Ng5 h6 22. Nh3 Rec8 23. Qd3 Nb6 24. Nf2 Nc4 25. Bxc4 Rxc4 {Hansen,C  
(2605)-Hellsten,J (2485) Malmo 1997 1/2-1/2 (32)}) ({RR} 11. f5 e5 12. Nc2 Be7
13. Ne3 O-O 14. Ned5 Bxd5 15. Nxd5 Nxd5 16. cxd5 b5 17. Be3 Qb7 18. a4 Nf6 19.
Bf2 Rfb8 20. b4 Bd8 21. a5 Rc8 22. Rac1 Kf8 23. h3 h6 24. g4 Ng8 25. h4 Rxc1 {
Vogel,R (2462)-Panic,N (2295) Vrnjacka Banja SRB 2023 1/2-1/2 (41)}) 11... Be7
12. b3 h5 $146 ({RR} 12... Rc8 13. Bb2 Nc5 14. Rae1 O-O 15. Bb1 Rfe8 16. e5
Nfd7 17. f5 dxe5 18. fxe6 fxe6 19. Bxh7+ Kxh7 20. Qh5+ Kg8 21. Qf7+ Kh8 22. Nf5
Bf6 23. Re3 Nf8 24. Rh3+ Nh7 25. Qg6 Kg8 26. Qxh7+ Kf8 27. Qh8+ {Bethke,R  
(2373)-Izuzquiza Gonzalez,J (2020) chess.com INT 2022 1-0 (31)}) 13. f5 Nc5 14.
fxe6 fxe6 15. Bc2 O-O 16. Be3 Ng4 17. Bg1 Bf6 18. h3 g5 19. hxg4 hxg4 20. Qxg4
Qh7+ 21. Qh3 Rf7 22. Be3 Qg6 23. e5 Be4 24. Nxe4 Nxe4 25. Rxf6 Rxf6 26. exf6 e5
27. f7+ Kxf7 28. Rf1+ Kg8 29. Bxe4 Qxe4 30. Qe6+ Kh8 31. Qf6+ Kg8 32. Qxg5+ Kh8
33. Qf6+ Kg8 34. Qf7+ Kh8 35. Nf5 Qg4 36. Qf6+ Kh7 37. Qh6+ Kg8 38. Ne7# 1-0

[Event "Floripa Chess Open 2024"]
[Site "Florianopolis"]
[Date "2024.01.25"]
[Round "7.63"]
[White "Kaneda, Eric Kazuichi"]
[Black "Gattass, Allan"]
[Result "1-0"]
[WhiteElo "1803"]
[BlackElo "2225"]
[PlyCount "61"]
[EventDate "2024.01.20"]
[EventRounds "10"]
[EventCountry "BRA"]

1. d4 Nf6 2. c4 e6 3. Nc3 d5 4. e3 c5 5. Nf3 Nc6 6. cxd5 exd5 7. h3 Bd6 8. dxc5
Bxc5 9. Be2 O-O 10. O-O a6 11. Qc2 $146 ({RR} 11. b3 Re8 12. Bb2 Bf5 13. Bd3
Ne4 14. Rc1 Ba7 15. Re1 Qd7 16. Bb1 Rad8 17. Nxe4 Bxe4 18. Nd4 Bb8 19. Bxe4
Rxe4 20. Nf3 h6 21. Qd2 Ba7 22. Red1 Qe6 23. Re1 Re8 24. Rcd1 Rd8 25. Bc3 Bc5 {
Bakri,A (1934)-Leong,M (2214) Kuala Lumpur 2008 1/2-1/2 (45)}) 11... Qe7 12. a3
Ba7 13. b4 Be6 14. Rd1 Rac8 15. Bb2 Rfd8 16. Rac1 Bb8 17. b5 axb5 18. Bxb5 Na5
19. Ng5 h6 20. Nxd5 Rxd5 21. Qxc8+ Bxc8 22. Rxc8+ Qf8 23. Rxf8+ Kxf8 24. Nh7+
Nxh7 25. Rxd5 Bc7 26. Rd7 Bb6 27. Bc3 Nf6 28. Bxf6 gxf6 29. Rd6 Bc5 30. Rxf6
Kg7 31. Rf4 1-0

[Event "Floripa Chess Open 2024"]
[Site "Florianopolis"]
[Date "2024.01.25"]
[Round "7.64"]
[White "Milat, Marcel"]
[Black "Rodriguez Farias, Eduardo"]
[Result "1/2-1/2"]
[WhiteElo "2213"]
[BlackElo "1829"]
[PlyCount "21"]
[EventDate "2024.01.20"]
[EventRounds "10"]
[EventCountry "BRA"]

1. Nf3 Nf6 2. g3 g6 3. Bg2 Bg7 4. O-O O-O 5. d4 d6 6. c4 Nbd7 7. Nc3 c6 8. d5
Nb6 ({RR} 8... Qb6 9. Nd4 Nc5 10. Nb3 cxd5 11. cxd5 Ng4 12. h3 Ne5 13. Nxc5
Qxc5 14. Bg5 Re8 15. Rc1 Bd7 16. b3 f5 17. Qd2 Qb4 18. Nb1 Qxd2 19. Bxd2 Rec8
20. f4 Nf7 21. Rxc8+ Rxc8 22. Rc1 Rxc1+ 23. Bxc1 {Dzindzichashvili,R (2545)
-Fishbein,A (2515) Philadelphia 1996 1-0 (32)}) ({RR} 8... c5 9. e4 Ng4 10. Qe2
Nge5 11. Nd2 Nf6 12. f4 Ned7 13. Nf3 h6 14. e5 Ne8 15. e6 Ndf6 16. Nh4 Nc7 17.
exf7+ Rxf7 18. Nxg6 Bf5 19. Nh4 Bd7 20. f5 a6 21. Rb1 b5 22. b3 bxc4 23. bxc4 {
Schreiner,P (2401)-Bortolin,B (1800) Lienz AUT 2023 1-0}) 9. dxc6 Nxc4 10. Nd4
Na5 $146 ({RR} 10... Rb8 11. Qa4 Nb6 12. Qxa7 Ra8 13. cxb7 Rxa7 14. b8=Q Nfd7
15. Qxa7 Bxd4 16. Qa5 Ne5 17. e3 Nec4 18. Qb4 Bc5 19. Qb3 Be6 20. Qc2 Qd7 21.
a3 Bh3 22. Bxh3 Qxh3 23. b4 Ne5 24. f4 Bxe3+ 25. Bxe3 {Critelli,J (2366)
-Flores Gomez,D (1826) San Francisco 2016 1-0}) 11. cxb7 $11 1/2-1/2

[Event "Floripa Chess Open 2024"]
[Site "Florianopolis"]
[Date "2024.01.25"]
[Round "7.65"]
[White "Ribeiro Jr, Valdir Uchoa"]
[Black "Sega, Carlos Alberto"]
[Result "1/2-1/2"]
[WhiteElo "1780"]
[BlackElo "2193"]
[PlyCount "69"]
[EventDate "2024.01.20"]
[EventRounds "10"]
[EventCountry "BRA"]

1. b3 e5 2. Bb2 Nc6 3. e3 g6 4. Bb5 Bg7 5. f4 Nge7 6. Nf3 d6 7. O-O O-O 8. fxe5
Nxe5 ({RR} 8... dxe5 9. Nc3 h6 10. Rb1 f5 11. d3 Kh7 12. Qe1 Nb4 13. Qd2 a6 14.
a3 Nxc2 15. Qxc2 axb5 16. Nxb5 c6 17. Nc3 Be6 18. e4 b5 19. b4 f4 20. Ne2 Qd6
21. d4 exd4 22. Bxd4 Bxd4+ 23. Nexd4 {Kozlov,G (2404)-Rasulov,V (2536) chess.
com INT 2024 0-1 (72)}) 9. Nc3 $146 ({RR} 9. Nxe5 dxe5 10. e4 Be6 11. Qe2 a6
12. Bc4 Qd7 13. Bxe6 Qxe6 14. d3 Nc6 15. Nd2 Nd4 16. Bxd4 exd4 17. Nf3 c5 18.
Qd2 b5 19. a4 Qc6 20. Qf4 c4 21. axb5 axb5 22. Rxa8 Qxa8 23. bxc4 bxc4 {
Gonzalez Rodriguez,J (2348)-Milov,L (2445) Castelldefels 2004 1/2-1/2 (51)}) ({
RR} 9. Nxe5 dxe5 10. Nc3 c6 11. Bc4 b5 12. Be2 f5 13. a4 b4 14. Bc4+ Kh8 15.
Ne2 Nd5 16. Qe1 Nb6 17. d3 Qe7 18. Rd1 c5 19. Bb5 Bb7 20. a5 a6 21. Bc4 Nxc4
22. dxc4 Qg5 23. Qf2 Rad8 {Artemiev,V (2746)-So,W (2767) chess.com INT 2019
0-1 (41)}) 9... a6 10. Be2 Nf5 11. Rb1 Bd7 12. Nd5 Nxf3+ 13. Bxf3 Bxb2 14. Rxb2
c6 15. Nc3 Qe7 16. Qe1 Rae8 17. Rb1 d5 18. Qf2 Nd6 19. Bxd5 cxd5 20. Nxd5 Qe6
21. Nf6+ Kg7 22. Nxe8+ Rxe8 23. e4 Nxe4 24. Qd4+ f6 25. Rbe1 Qc6 26. d3 Nc3 27.
Rxe8 Bxe8 28. Qd8 Bf7 29. Kh1 Qe6 30. a4 Nd5 31. c4 Qe2 32. Rg1 Nf4 33. d4 Nxg2
34. Rxg2 Qf1+ 35. Rg1 1/2-1/2

[Event "Floripa Chess Open 2024"]
[Site "Florianopolis"]
[Date "2024.01.25"]
[Round "7.66"]
[White "Bueno, Alfeu Junior Varela"]
[Black "Rodrigues, Nei Jorge"]
[Result "1-0"]
[WhiteElo "2156"]
[BlackElo "1822"]
[PlyCount "59"]
[EventDate "2024.01.20"]
[EventRounds "10"]
[EventCountry "BRA"]

1. e4 c5 2. Nc3 a6 3. g3 b5 4. Bg2 Bb7 5. d3 e6 6. f4 d5 7. exd5 exd5 8. Qe2+
Be7 9. Be3 Qd6 10. d4 ({RR} 10. Bf2 Nf6 11. Qe5 Nbd7 12. Qxd6 Bxd6 13. Nge2
O-O-O 14. Kd2 Rhe8 15. Rae1 Kc7 16. Nd1 Nb6 17. b3 h5 18. Rhf1 Ng4 19. Bg1 d4
20. Bxb7 Kxb7 21. Nc1 Nd5 22. c4 dxc3+ 23. Nxc3 Nxc3 24. Kxc3 Kc6 {Marinskii,Y
(2030)-Vorobiov,E (2402) St Petersburg RUS 2023 0-1 (40)}) 10... c4 11. Nf3 Nf6
12. Ne5 h5 $146 ({RR} 12... O-O 13. O-O Nbd7 14. g4 Ne4 15. Nxe4 dxe4 16. Bf2
f6 17. Nxd7 Qxd7 18. Bxe4 Bxe4 19. Qxe4 Qxg4+ 20. Bg3 Qd7 21. f5 Rad8 22. c3
Bd6 23. Qd5+ {1/2-1/2 (23) Krivec,J (2329)-Vega Gutierrez,S (2357) Novi Sad
2009}) ({RR} 12... Nbd7 13. O-O O-O 14. g4 Nb6 15. g5 Nfd7 16. Qh5 b4 17. Ne2
g6 18. Qh6 f5 19. Qh3 Qe6 20. Qg3 Rfe8 21. h4 Bf8 22. Kf2 Bg7 23. h5 Nf8 24.
Rh1 a5 25. Rh4 a4 26. Rah1 a3 27. b3 {Bueno,A (2186)-Peixoto,H (1936) Hotel
South American - Salão 2017 1-0 (34)}) 13. O-O-O Nbd7 14. Rhe1 Kf8 15. h3 Nb6
16. f5 Re8 17. g4 b4 18. Nb1 b3 19. a3 Qc7 20. g5 c3 21. Nxc3 Nfd7 22. cxb3 Bd6
23. Bf4 Nxe5 24. Bxe5 Rxe5 25. dxe5 Bxa3 26. Kb1 Bb4 27. Qd3 Kg8 28. e6 Be7 29.
Nxd5 Nxd5 30. Bxd5 1-0

[Event "Floripa Chess Open 2024"]
[Site "Florianopolis"]
[Date "2024.01.25"]
[Round "7.67"]
[White "Carvalho, Guillermo"]
[Black "Viana, Daniel Fernandes"]
[Result "0-1"]
[WhiteElo "2149"]
[BlackElo "1830"]
[PlyCount "32"]
[EventDate "2024.01.20"]
[EventRounds "10"]
[EventCountry "BRA"]

1. c4 c5 2. Nc3 Nc6 3. g3 g6 4. Bg2 Bg7 5. e4 d6 6. Nge2 e6 7. O-O Nge7 8. d3
O-O 9. Rb1 b6 10. a3 Bb7 11. b4 Qd7 12. Bg5 h6 13. Be3 Nd4 14. Qd2 Kh7 15. f4
f5 ({RR} 15... Rad8 16. g4 f5 17. gxf5 exf5 18. Ng3 Rde8 19. Kh1 Ba8 20. bxc5
dxc5 21. Nd5 fxe4 22. dxe4 Nxd5 23. cxd5 Bb7 24. Rg1 Rd8 25. Rbf1 Qa4 26. f5
gxf5 27. Nh5 Rf7 28. Qf2 f4 29. Qh4 Rg8 30. Rxf4 {Ehlvest,J (2517)-Volodin,A  
(2457) Tornelo INT 2021 1-0 (35)}) 16. Bf2 ({RR} 16. Rbe1 Rae8 17. Bf2 Nec6 18.
b5 Nxe2+ 19. Nxe2 Nd4 20. Nxd4 cxd4 21. exf5 gxf5 22. Bxb7 Qxb7 23. Qd1 e5 24.
Qh5 e4 25. dxe4 fxe4 26. f5 Qf7 27. Qxf7 Rxf7 28. g4 e3 29. Bh4 d3 30. f6 e2 {
Dominguez Perez,L (2732)-Wojtaszek,R (2727) Huaian 2016 0-1}) 16... Rad8 $146 (
{RR} 16... Nec6 17. Nxd4 Nxd4 18. Ne2 Nxe2+ 19. Qxe2 e5 20. fxe5 Bxe5 21. bxc5
dxc5 22. exf5 Rxf5 23. Bxb7 Qxb7 24. Bxc5 Re8 25. Bf2 Qd7 26. Rbe1 Rd8 27. Rd1
Re8 28. Rde1 Rff8 29. Qd2 Bg7 30. Rxe8 Rxe8 31. d4 {Makarichev,S (2500)
-Mochalov,E (2450) Moscow (Russia) 1979 1-0 (57)}) ({RR} 16... Rac8 17. Rfe1
Nec6 18. b5 Nxe2+ 19. Nxe2 Ne7 20. Rbd1 e5 21. Nc3 Rce8 22. Nd5 Bxd5 23. exd5
Ng8 24. h3 Nf6 25. Kh2 Re7 26. Re2 Rfe8 27. Rde1 exf4 28. gxf4 Rxe2 29. Rxe2
Rxe2 30. Qxe2 Nh5 31. Be3 {Duong,T (2299)-Lesiege,A (2521) Montreal 1999 0-1  
(56)}) 0-1

[Event "Floripa Chess Open 2024"]
[Site "Florianopolis"]
[Date "2024.01.25"]
[Round "7.68"]
[White "Calcado, Acyr Rogerio"]
[Black "Zabala, Antonio Murara"]
[Result "1-0"]
[WhiteElo "2118"]
[BlackElo "1797"]
[PlyCount "83"]
[EventDate "2024.01.20"]
[EventRounds "10"]
[EventCountry "BRA"]

1. e4 c5 2. Nf3 d6 3. d4 cxd4 4. Nxd4 Nf6 5. Nc3 a6 6. Bg5 e6 7. f4 Nbd7 8. Qf3
Qc7 9. O-O-O b5 10. Bd3 Bb7 11. Rhe1 Be7 12. Kb1 Rc8 ({RR} 12... Qb6 13. Nb3
Rc8 14. f5 e5 15. Be3 Qc7 16. a3 Nb6 17. g4 Na4 18. Nxa4 bxa4 19. Nd2 h6 20.
Qe2 d5 21. exd5 Nxd5 22. Ne4 O-O 23. g5 Nxe3 24. Qxe3 Bxe4 25. Qxe4 Bxg5 26. f6
g6 27. h4 {Azarov,S (2588)-Karthik,V (2480) Teplice CZE 2022 0-1 (39)}) ({RR} 
12... Nc5 13. a3 Nxd3 14. cxd3 O-O 15. Qh3 h6 16. Bh4 b4 17. axb4 a5 18. b5 a4
19. Rc1 a3 20. b3 a2+ 21. Ka1 Qa5 22. g4 Rfc8 23. Nde2 Nd7 24. Bxe7 Nc5 25.
Bxd6 Nxb3+ 26. Kb2 a1=Q+ 27. Rxa1 {Okike,D (2157)-Adithya A Chullikkad (2259)
chess.com INT 2023 0-1 (72)}) 13. g4 Qb6 $146 ({RR} 13... h6 14. Bxf6 gxf6 15.
Rd2 Nc5 16. Nd5 Bxd5 17. exd5 e5 18. Bf5 Rb8 19. Nc6 Rb7 20. h4 b4 21. b3 a5
22. g5 {1-0 (22) Belkhodja,S-Grant,C Dortmund 1980}) ({RR} 13... Nc5 14. Bf1 b4
15. Nce2 Ncxe4 16. Qb3 Nxg4 17. Bxe7 Qxe7 18. Qxb4 Ngf2 19. Rc1 d5 20. Qa4+ Qd7
21. Qa3 Nd2+ 22. Ka1 Nxf1 23. Rxf1 Ne4 24. Nf3 Qd6 25. Qxd6 Nxd6 26. Ne5 Nc4
27. Nd4 Nxe5 28. fxe5 {Wong,G (1388)-Preissler,N (1366) Sebnitz 2012 1-0 (46)})
14. Nb3 h6 15. Bh4 g5 16. Bf2 Qc7 17. h4 gxf4 18. g5 hxg5 19. hxg5 Nh5 20. Bd4
e5 21. Bf2 Ng7 22. Nd5 Bxd5 23. exd5 Bxg5 24. Qg4 Bf6 25. Qxf4 Kd8 26. Qf3 Rb8
27. Rh1 Rxh1 28. Rxh1 a5 29. Rh6 Ne8 30. Bf5 Nf8 31. Qg4 a4 32. Nd2 a3 33. bxa3
Be7 34. Rh3 Nf6 35. Qg2 Qb7 36. Rd3 N8d7 37. Nb3 Qc7 38. Be1 Ra8 39. Bb4 Ke8
40. Rc3 Qb6 41. Rc6 Qb8 42. Qh3 1-0

[Event "Floripa Chess Open 2024"]
[Site "Florianopolis"]
[Date "2024.01.25"]
[Round "7.69"]
[White "Calcada, Lucas Galvan"]
[Black "Ferreira, Thales Bond Dias"]
[Result "0-1"]
[WhiteElo "1770"]
[BlackElo "2086"]
[PlyCount "77"]
[EventDate "2024.01.20"]
[EventRounds "10"]
[EventCountry "BRA"]

1. c4 e6 2. Nf3 Nf6 3. g3 d5 4. Bg2 c6 5. b3 Nbd7 6. Bb2 Bd6 7. O-O O-O 8. Nc3
b6 ({RR} 8... a6 9. d4 dxc4 10. bxc4 c5 11. e3 Rb8 12. Qc2 Qc7 13. Rfd1 cxd4
14. Rxd4 b6 15. Rad1 Be7 16. Rh4 h6 17. Nd4 Bb7 18. Bxb7 Qxb7 19. Nce2 Ne5 20.
f4 Nfg4 21. Qc3 Bxh4 22. gxh4 Qe4 23. Bc1 {Shoker,S (2475)-Polgar,J (2699)
Ningbo 2011 0-1}) 9. Rc1 ({RR} 9. d3 Bb7 10. e4 Rc8 11. Qe2 e5 12. exd5 cxd5
13. Nh4 Re8 14. Nf5 Bf8 15. cxd5 Nc5 16. b4 Na6 17. a3 Nc7 18. d6 Bxg2 19. dxc7
Qd7 20. Nxg7 Bxf1 21. Nxe8 Nxe8 22. Rxf1 Bg7 23. Ne4 Nxc7 {Supi,L (2582)
-Librelato,K (2182) chess.com INT 2023 1-0 (36)}) 9... Bb7 10. cxd5 cxd5 $146 (
{RR} 10... exd5 11. d4 Re8 12. Qc2 Rc8 13. Rfe1 Qc7 14. Nd2 Qb8 15. Qf5 Bf8 16.
e4 g6 17. Qh3 dxe4 18. Ndxe4 Rcd8 19. Bf3 Bg7 20. Nxf6+ Nxf6 21. Qg2 Rxe1+ 22.
Rxe1 Nd5 23. Nxd5 cxd5 24. h4 h5 {1/2-1/2 (24) Jakobsen,O (2398)-Ekeberg,C  
(2213) Copenhagen 2002}) ({RR} 10... exd5 11. d3 Rc8 12. e3 c5 13. Nb1 Qe7 14.
Nbd2 Rfd8 15. Qc2 b5 16. Rfe1 Ne5 17. Qb1 a6 18. Nxe5 Bxe5 19. Bxe5 Qxe5 20. d4
Qe7 21. dxc5 Rxc5 22. Rxc5 Qxc5 23. Rc1 Qb4 24. Nf3 Ne4 25. Qb2 {Sapunov,E  
(2461)-Garcia Ramos,D (2380) chess.com INT 2020 0-1 (31)}) 11. d4 Ba6 12. Qd2
Qe7 13. Rfd1 Rac8 14. e3 Rc7 15. Rc2 Rfc8 16. Rdc1 h6 17. Ne1 h5 18. Nd3 h4 19.
Ne2 Ne4 20. Bxe4 dxe4 21. Rxc7 Rxc7 22. Rxc7 Bxc7 23. Ne1 Nf6 24. Ng2 hxg3 25.
hxg3 Nd5 26. Nc3 f5 27. Nxd5 exd5 28. Qc1 Bd6 29. Nh4 Qd7 30. Ng6 Qb5 31. Ne5
Qe2 32. Kg2 Bb4 33. Qc6 Qf1+ 34. Kh2 Qxf2+ 35. Kh1 Qf1+ 36. Kh2 Qe2+ 37. Kh1
Qh5+ 38. Kg1 Bd2 39. Bc1 0-1